[Event "Tradewise Gibraltar Chess Festival 2013"]
[Site "Gibraltar ENG"]
[Date "2013.01.27"]
[Round "6.42"]
[White "Sanchez Castillo, Sarai"]
[Black "Milliet, Sophie"]
[Result "0-1"]
[WhiteElo "2212"]
[BlackElo "2403"]
[PlyCount "66"]
[EventDate "2013.01.22"]
[EventType "swiss"]
[EventRounds "10"]
[EventCountry "ENG"]
[Source "lmi"]
[SourceDate "2013.01.22"]

1. e4 e5 2. d4 exd4 3. Qxd4 Nc6 4. Qe3 Nf6 5. Nc3 Bb4 6. Bd2 O-O 7. O-O-O Re8
8. Qg3 Rxe4 9. a3 Ba5 10. f3 Re8 11. h4 d5 12. h5 d4 13. Bh6 Ng4 14. fxg4 gxh6
15. Nf3 Bxc3 16. g5 Re4 17. g6 Rg4 18. gxf7+ Kxf7 19. Qf2 Qf6 20. Bb5 Kg7 21.
bxc3 Qf8 22. Rd3 Qxa3+ 23. Kd2 dxc3+ 24. Rxc3 Qd6+ 25. Kc1 Qf6 26. Qc5 Qf4+ 27.
Nd2 Rg5 28. Qa3 Rxb5 29. Rf1 Qd6 30. Qa1 Nd4 31. Rcf3 Be6 32. Ne4 Qe5 33. Rg3+
Kh8 0-1

[Event "Tradewise Gibraltar Chess Festival 2013"]
[Site "Gibraltar ENG"]
[Date "2013.01.27"]
[Round "6.43"]
[White "Uran Bermudez, Oliver Kevin"]
[Black "Tania, Sachdev"]
[Result "0-1"]
[WhiteElo "2113"]
[BlackElo "2403"]
[PlyCount "100"]
[EventDate "2013.01.22"]
[EventType "swiss"]
[EventRounds "10"]
[EventCountry "ENG"]
[Source "lmi"]
[SourceDate "2013.01.22"]

1. e4 c5 2. Nf3 e6 3. d4 cxd4 4. Nxd4 a6 5. Bd3 Nf6 6. O-O Qc7 7. c4 d6 8. Kh1
Be7 9. f4 Nbd7 10. Nc3 b6 11. Qe2 Bb7 12. f5 e5 13. Nc2 Nc5 14. Nb4 Nxd3 15.
Qxd3 Rc8 16. b3 b5 17. Ncd5 Nxd5 18. cxd5 Qc3 19. Qxc3 Rxc3 20. Bd2 Rc8 21.
Rac1 Kd7 22. Nd3 Rxc1 23. Rxc1 Bd8 24. b4 Bb6 25. g3 Bd4 26. Kg2 g6 27. fxg6 f5
28. g7 Rg8 29. Kf3 Rxg7 30. Nc5+ dxc5 31. bxc5 fxe4+ 32. Kxe4 Bc8 33. c6+ Ke8
34. d6 Rg4+ 35. Kd5 Bb2 36. d7+ Bxd7 37. cxd7+ Kxd7 38. Rc2 Rd4+ 39. Kc5 Ba3+
40. Kb6 Rc4 41. Rxc4 bxc4 42. Bc3 e4 43. Kxa6 Kc6 44. g4 e3 45. Ka5 Kc5 46. Ka4
Bc1 47. Be5 Bd2 48. Ka3 e2 49. Bg3 Kd4 50. Kb2 Kd3 0-1

[Event "Tradewise Gibraltar Chess Festival 2013"]
[Site "Gibraltar ENG"]
[Date "2013.01.27"]
[Round "6.44"]
[White "Nezad, Husein Aziz"]
[Black "Bird, Andrew"]
[Result "1-0"]
[WhiteElo "2394"]
[BlackElo "2223"]
[PlyCount "103"]
[EventDate "2013.01.22"]
[EventType "swiss"]
[EventRounds "10"]
[EventCountry "ENG"]
[Source "lmi"]
[SourceDate "2013.01.22"]

1. d4 Nf6 2. c4 e6 3. Nf3 Bb4+ 4. Bd2 a5 5. g3 O-O 6. Bg2 Bxd2+ 7. Qxd2 d5 8.
O-O Nbd7 9. Rd1 c6 10. Qc2 b6 11. Nbd2 Ba6 12. Rac1 Qe7 13. e4 Rfc8 14. e5 Ne8
15. h4 Ra7 16. Re1 Rac7 17. c5 Rb7 18. a3 Qd8 19. b4 axb4 20. axb4 bxc5 21.
bxc5 Ra8 22. Ra1 Nc7 23. Ra2 Rba7 24. Rea1 Bd3 25. Qb2 Rxa2 26. Rxa2 Rxa2 27.
Qxa2 Qb8 28. Qa5 f6 29. Bh3 Kf7 30. Qc3 Qb5 31. exf6 gxf6 32. h5 Nf8 33. Ne1
Be2 34. h6 Qa6 35. Qe3 Ng6 36. Kh2 Bb5 37. Ng2 Qc8 38. Bg4 Nf8 39. Nf4 Ba4 40.
Qc3 Qa6 41. Be2 Bb5 42. Bh5+ Ke7 43. Qe3 Qa8 44. Nf3 Ba4 45. Qd2 Qb8 46. Nh4
Kd7 47. Qe2 Qd8 48. Qg4 Qe7 49. Qg7 Nb5 50. Nhg6 hxg6 51. Nxg6 Nxg6 52. Bxg6
1-0

[Event "Tradewise Gibraltar Chess Festival 2013"]
[Site "Gibraltar ENG"]
[Date "2013.01.27"]
[Round "6.45"]
[White "Karavade, Eesha"]
[Black "Jaunooby, Ali R"]
[Result "1-0"]
[WhiteElo "2391"]
[BlackElo "2178"]
[PlyCount "87"]
[EventDate "2013.01.22"]
[EventType "swiss"]
[EventRounds "10"]
[EventCountry "ENG"]
[Source "lmi"]
[SourceDate "2013.01.22"]

1. d4 Nf6 2. c4 e6 3. Nc3 Bb4 4. Qc2 c5 5. dxc5 Na6 6. a3 Bxc3+ 7. Qxc3 Nxc5 8.
b4 Nce4 9. Qb2 Nh5 10. Qd4 f5 11. g4 Qf6 12. Qxf6 Nhxf6 13. gxf5 exf5 14. Nh3
b6 15. Rg1 O-O 16. Bb2 g6 17. Rd1 Nh5 18. e3 Re8 19. Be2 Nef6 20. Ng5 Re7 21.
Bd4 Rb8 22. a4 Bb7 23. c5 Ba8 24. cxb6 axb6 25. a5 bxa5 26. bxa5 Rc8 27. a6 h6
28. Nf3 Kh7 29. Nh4 Re4 30. Nxg6 Rg8 31. Bd3 Rxg6 32. Rxg6 Kxg6 33. Bxe4 Bxe4
34. a7 Ng4 35. h3 Nh2 36. Bb2 Nf3+ 37. Ke2 Kg5 38. Rxd7 Ng1+ 39. Kf1 Nxh3 40.
Rd8 f4 41. Re8 Bc6 42. e4 Ng3+ 43. fxg3 f3 44. Bd4 1-0

[Event "Tradewise Gibraltar Chess Festival 2013"]
[Site "Gibraltar ENG"]
[Date "2013.01.27"]
[Round "6.46"]
[White "Lindsoe, Fredrik Aunan"]
[Black "Sanchez Ibern, Marc"]
[Result "1/2-1/2"]
[WhiteElo "2064"]
[BlackElo "2356"]
[PlyCount "134"]
[EventDate "2013.01.22"]
[EventType "swiss"]
[EventRounds "10"]
[EventCountry "ENG"]
[Source "lmi"]
[SourceDate "2013.01.22"]

1. Nf3 Nf6 2. d4 g6 3. c4 Bg7 4. g3 d5 5. Bg2 dxc4 6. Qa4+ Nfd7 7. O-O Nc6 8.
Rd1 Nb6 9. Qb5 O-O 10. Nc3 Bg4 11. Be3 a6 12. Qc5 Qd6 13. Rac1 Rad8 14. d5 Bxc3
15. Qxd6 Rxd6 16. Bxb6 cxb6 17. dxc6 Bxb2 18. Rxd6 Bxc1 19. Rd1 Bb2 20. cxb7
Rb8 21. Ne1 b5 22. Nc2 Bc3 23. Ne3 Be6 24. Bc6 Kg7 25. Nd5 Bxd5 26. Rxd5 Bb4
27. Rd7 Bd6 28. Kf1 b4 29. Ke1 f5 30. Kd1 Kf6 31. Bd5 c3 32. f4 h6 33. Kc2 g5
34. e3 Rh8 35. Kd3 h5 36. Bb3 h4 37. gxh4 gxf4 38. e4 f3 39. exf5 Kxf5 40. Ke3
Ke5 41. Kxf3 Kd4 42. Ke2 Kc5 43. h5 Kc6 44. Be6 Bxh2 45. Bg4 Bf4 46. Rd4 Bd6
47. Bf3+ Kc7 48. Rc4+ Kb8 49. h6 Rxh6 50. Rc8+ Ka7 51. Ra8+ Kb6 52. b8=Q+ Bxb8
53. Rxb8+ Kc5 54. Rc8+ Kd4 55. Rd8+ Kc5 56. Rc8+ Kb5 57. Rb8+ Ka4 58. Bd5 Ka3
59. Bb3 a5 60. Rb5 Ra6 61. Kd3 a4 62. Kc2 Ra8 63. Re5 Ra7 64. Re6 axb3+ 65.
axb3 Ka2 66. Re4 Rb7 67. Re5 Ra7 1/2-1/2

[Event "Tradewise Gibraltar Chess Festival 2013"]
[Site "Gibraltar ENG"]
[Date "2013.01.27"]
[Round "6.47"]
[White "Godard, Maxence"]
[Black "Janev, Pavel"]
[Result "0-1"]
[WhiteElo "2340"]
[BlackElo "2126"]
[PlyCount "90"]
[EventDate "2013.01.22"]
[EventType "swiss"]
[EventRounds "10"]
[EventCountry "ENG"]
[Source "lmi"]
[SourceDate "2013.01.22"]

1. d4 e6 2. c4 b6 3. e4 Bb7 4. Nd2 Bb4 5. Qc2 c5 6. d5 f5 7. a3 Bxd2+ 8. Bxd2
fxe4 9. Qxe4 Nf6 10. Qe2 O-O 11. dxe6 Re8 12. O-O-O Rxe6 13. Be3 d5 14. cxd5
Bxd5 15. Nh3 Nc6 16. Qa6 Rd6 17. Nf4 Na5 18. Nxd5 Nxd5 19. Bc4 Kh8 20. Bxd5
Rxd5 21. Qe2 Qd7 22. Qf3 Rd8 23. Rxd5 Qxd5 24. Qxd5 Rxd5 25. Rd1 Rxd1+ 26. Kxd1
Kg8 27. Kc2 Kf7 28. Kd3 Ke6 29. Bd2 Nb7 30. Be3 g6 31. Ke4 b5 32. Kf4 a5 33.
Kg5 b4 34. Bd2 Nd6 35. Kh6 Nc4 36. Bc1 Nxb2 37. Bxb2 c4 38. axb4 axb4 39. g4 c3
40. Ba1 Kd5 41. f4 Kc4 42. f5 gxf5 43. gxf5 b3 44. f6 b2 45. f7 b1=Q 0-1

[Event "Tradewise Gibraltar Chess Festival 2013"]
[Site "Gibraltar ENG"]
[Date "2013.01.27"]
[Round "6.48"]
[White "Sutovsky, Emil"]
[Black "Lee, Kai Jie Edward"]
[Result "1-0"]
[WhiteElo "2684"]
[BlackElo "2164"]
[PlyCount "67"]
[EventDate "2013.01.22"]
[EventType "swiss"]
[EventRounds "10"]
[EventCountry "ENG"]
[Source "lmi"]
[SourceDate "2013.01.22"]

1. e4 c5 2. Nf3 e6 3. Nc3 Nc6 4. Bb5 Nge7 5. d4 cxd4 6. Nxd4 a6 7. Be2 Nxd4 8.
Qxd4 Nc6 9. Qe3 Qc7 10. O-O Bd6 11. Qh3 b5 12. Be3 Be5 13. f4 Bxc3 14. bxc3 O-O
15. Rad1 d6 16. f5 exf5 17. exf5 Ne5 18. Rd4 f6 19. Rh4 g5 20. Rd4 Bb7 21. Qg3
Kh8 22. Rfd1 Rad8 23. Qe1 Qc6 24. Bf1 Rfe8 25. Qd2 Nc4 26. Rxc4 bxc4 27. Bd4 d5
28. Rb1 Rd6 29. Qxg5 Rg8 30. Qh6 Bc8 31. Rb8 Bxf5 32. Rf8 Bg6 33. h4 Rd8 34.
Rxf6 1-0

[Event "Tradewise Gibraltar Chess Festival 2013"]
[Site "Gibraltar ENG"]
[Date "2013.01.27"]
[Round "6.49"]
[White "Christiansmeier, Sven"]
[Black "Dukaczewski, Piotr"]
[Result "0-1"]
[WhiteElo "2051"]
[BlackElo "2268"]
[PlyCount "98"]
[EventDate "2013.01.22"]
[EventType "swiss"]
[EventRounds "10"]
[EventCountry "ENG"]
[Source "lmi"]
[SourceDate "2013.01.22"]

1. d4 Nf6 2. Nf3 g6 3. Bg5 Bg7 4. Nbd2 d5 5. e3 O-O 6. Bd3 b6 7. Ne5 Bb7 8. f4
Ne4 9. Bh4 f6 10. Nef3 c5 11. c3 Nd7 12. O-O Qc7 13. Nxe4 dxe4 14. Bc4+ Kh8 15.
Nd2 a6 16. f5 Bh6 17. Qe2 cxd4 18. cxd4 b5 19. Be6 Rfd8 20. Bg3 Qb6 21. Rac1
Ne5 22. Bf4 Bxf4 23. Rxf4 g5 24. Rff1 Nd3 25. Rc2 Rd6 26. Qg4 Rxd4 27. exd4
Qxd4+ 28. Kh1 Nf2+ 29. Rxf2 Qxf2 30. Qd1 Rd8 31. Qf1 Qf4 32. Qe1 e3 33. Nf1 Be4
34. Re2 Bd3 35. Rxe3 Qxf1+ 36. Qxf1 Bxf1 37. Bb3 Rd2 38. g3 Bh3 39. Rxe7 Rf2
40. Re1 Bxf5 41. Be6 Bd3 42. b4 Kg7 43. Bd5 Kg6 44. Kg1 Rd2 45. Re6 Bf5 46. Rd6
Kg7 47. h4 gxh4 48. gxh4 h5 49. Rd8 Be6 0-1

[Event "Tradewise Gibraltar Chess Festival 2013"]
[Site "Gibraltar ENG"]
[Date "2013.01.27"]
[Round "6.51"]
[White "Lederman, Leon"]
[Black "Moreno Tejera, Emilio"]
[Result "1/2-1/2"]
[WhiteElo "2239"]
[BlackElo "2413"]
[PlyCount "76"]
[EventDate "2013.01.22"]
[EventType "swiss"]
[EventRounds "10"]
[EventCountry "ENG"]
[Source "lmi"]
[SourceDate "2013.01.22"]

1. e4 c5 2. Nf3 d6 3. d4 cxd4 4. Nxd4 Nf6 5. Nc3 g6 6. f4 Nbd7 7. Bd3 Bg7 8.
Nf3 O-O 9. O-O Nc5 10. Qe1 b6 11. Qh4 d5 12. e5 Nfe4 13. Be3 Nxd3 14. cxd3 Nc5
15. Rfd1 f6 16. b4 Ne6 17. d4 f5 18. a4 a5 19. Rab1 Ba6 20. bxa5 bxa5 21. Nb5
Qd7 22. Rb2 Rfc8 23. Qe1 Rc4 24. Ra1 Bxb5 25. axb5 a4 26. Nd2 Rcc8 27. Nb1 Bh6
28. Qd2 Nd8 29. Rb4 e6 30. Qd3 Rcb8 31. Nc3 a3 32. Na4 Bf8 33. Nc5 Qe8 34. Rxa3
Rxb5 35. Qxb5 Qxb5 36. Rxb5 Rxa3 37. Kf2 Ra8 38. Rb6 Kf7 1/2-1/2

[Event "Tradewise Gibraltar Chess Festival 2013"]
[Site "Gibraltar ENG"]
[Date "2013.01.27"]
[Round "6.52"]
[White "Bellon Lopez, Juan Manuel"]
[Black "Valgmae, Toomas"]
[Result "1/2-1/2"]
[WhiteElo "2404"]
[BlackElo "2218"]
[PlyCount "126"]
[EventDate "2013.01.22"]
[EventType "swiss"]
[EventRounds "10"]
[EventCountry "ENG"]
[Source "lmi"]
[SourceDate "2013.01.22"]

1. d4 Nf6 2. Nf3 g6 3. Bf4 Bg7 4. e3 d6 5. h3 O-O 6. Bc4 c5 7. c3 d5 8. Be2 Nc6
9. Nbd2 Qb6 10. Qb3 c4 11. Qa3 Bf5 12. O-O Rfc8 13. b3 cxb3 14. axb3 Ne4 15.
Nxe4 Bxe4 16. Rfc1 Bf8 17. Qa4 h6 18. Nd2 g5 19. Bg3 Bg6 20. c4 dxc4 21. bxc4
e6 22. c5 Qb2 23. Qa2 Qxa2 24. Rxa2 e5 25. dxe5 Nb4 26. Rb2 Rxc5 27. Ra1 Rc2
28. Rxc2 Nxc2 29. Ra4 Bb4 30. Nb3 Be4 31. Bb5 a6 32. Na1 a5 33. f3 Nxa1 34.
Rxa1 Bc2 35. Ra2 Rc8 36. e6 Bb3 37. Rxa5 Bxa5 38. e7 f6 39. e8=Q+ Rxe8 40. Bxe8
Kf8 41. Bb5 Ke7 42. Kf1 Bd1 43. e4 Bc3 44. Bc7 h5 45. Kf2 h4 46. g3 Be5 47.
Bxe5 fxe5 48. gxh4 gxh4 49. Ke3 Bc2 50. f4 exf4+ 51. Kxf4 Bxe4 52. Kxe4 Kf6 53.
Kf4 Kg6 54. Kg4 Kh6 55. Kxh4 Kg6 56. Kg4 Kh6 57. h4 Kg6 58. h5+ Kh6 59. Kh4 Kg7
60. Kg5 Kh7 61. h6 Kg8 62. Kg6 Kh8 63. h7 b6 1/2-1/2

[Event "Tradewise Gibraltar Chess Festival 2013"]
[Site "Gibraltar ENG"]
[Date "2013.01.27"]
[Round "6.54"]
[White "Vinas Guerrero, Carlos A"]
[Black "Kriebel, Tadeas"]
[Result "0-1"]
[WhiteElo "2167"]
[BlackElo "2369"]
[PlyCount "86"]
[EventDate "2013.01.22"]
[EventType "swiss"]
[EventRounds "10"]
[EventCountry "ENG"]
[Source "lmi"]
[SourceDate "2013.01.22"]

1. e4 e5 2. Nf3 Nc6 3. d4 exd4 4. Bc4 Nf6 5. O-O Bc5 6. e5 d5 7. exf6 dxc4 8.
fxg7 Rg8 9. Bg5 f6 10. Re1+ Kf7 11. Ne5+ Nxe5 12. Rxe5 Be7 13. Qh5+ Kxg7 14.
Qh6+ Kf7 15. Qxh7+ Rg7 16. Qh5+ Kg8 17. Bxf6 Bg4 18. Bxe7 Qxe7 19. Rxe7 Bxh5
20. Re5 Re8 21. Rxe8+ Bxe8 22. Nd2 Bg6 23. c3 dxc3 24. bxc3 b5 25. Nf3 Be4 26.
Kf1 Bd3+ 27. Kg1 c5 28. Ne5 a5 29. a3 b4 30. axb4 axb4 31. cxb4 cxb4 32. Nxd3
b3 33. Kf1 Rd7 34. Nb2 c3 35. Rc1 cxb2 36. Rb1 Rd2 37. g3 Kf7 38. Kg2 Ke6 39.
Kf3 Kd5 40. h4 Kd4 41. h5 Kd3 42. h6 Kc2 43. h7 Rd8 0-1

[Event "Tradewise Gibraltar Chess Festival 2013"]
[Site "Gibraltar ENG"]
[Date "2013.01.27"]
[Round "6.55"]
[White "Wemmers, Xander"]
[Black "Osuna Vega, Enrique"]
[Result "1-0"]
[WhiteElo "2349"]
[BlackElo "2157"]
[PlyCount "57"]
[EventDate "2013.01.22"]
[EventType "swiss"]
[EventRounds "10"]
[EventCountry "ENG"]
[Source "lmi"]
[SourceDate "2013.01.22"]

1. d4 d6 2. c4 e5 3. d5 f5 4. e4 Nf6 5. exf5 Bxf5 6. Nc3 a5 7. Nge2 Na6 8. Ng3
Bd7 9. Bd3 Be7 10. O-O O-O 11. h3 Rb8 12. Be3 Nb4 13. Be2 c6 14. a3 cxd5 15.
axb4 d4 16. bxa5 dxe3 17. fxe3 d5 18. Nxd5 Be6 19. Nxf6+ Bxf6 20. Qxd8 Rfxd8
21. Ne4 Be7 22. b3 Ra8 23. Rfd1 Rxd1+ 24. Bxd1 Bb4 25. Ra4 Bxa5 26. Bg4 Bxg4
27. hxg4 b5 28. Ra2 Ra7 29. c5 1-0

[Event "Tradewise Gibraltar Chess Festival 2013"]
[Site "Gibraltar ENG"]
[Date "2013.01.27"]
[Round "6.56"]
[White "Weber, Francois"]
[Black "Ortega Ruiz, Jose Miguel"]
[Result "0-1"]
[WhiteElo "2150"]
[BlackElo "2349"]
[PlyCount "146"]
[EventDate "2013.01.22"]
[EventType "swiss"]
[EventRounds "10"]
[EventCountry "ENG"]
[Source "lmi"]
[SourceDate "2013.01.22"]

1. Nf3 Nf6 2. c4 g6 3. g3 Bg7 4. Bg2 O-O 5. O-O d6 6. d4 Nc6 7. Nc3 a6 8. e3
Rb8 9. Qe2 e6 10. Rb1 b5 11. Nd2 Qd7 12. b4 bxc4 13. Nxc4 Bb7 14. a3 Ne8 15.
Bb2 d5 16. Nd2 Nd6 17. f4 a5 18. b5 Na7 19. a4 c6 20. b6 Nac8 21. Ba3 Re8 22.
Rb3 Ra8 23. Rfb1 Ba6 24. Qf2 Nb7 25. Bf1 Ncd6 26. Bxa6 Rxa6 27. Qf1 Raa8 28.
Nd1 f6 29. Qh3 Rad8 30. Nf2 h5 31. Nd3 Bf8 32. Rc1 Rb8 33. Rbc3 Rec8 34. g4
hxg4 35. Qxg4 Kh7 36. Kh1 Bh6 37. Rg1 Rg8 38. Qh3 Nf5 39. Bc5 Rg7 40. Nf2 Nxc5
41. Ng4 Rf7 42. dxc5 Rh8 43. Nxh6 Nxh6 44. Nf3 Qc8 45. Rb3 Rb7 46. Rb2 Kg7 47.
Qg2 Qe8 48. Qe2 Nf5 49. Qa6 Qd7 50. Rbg2 Rh6 51. Qd3 Kf7 52. Rd1 Qc8 53. Kg1
Rh8 54. Kf2 Qf8 55. Qc3 Qa8 56. Nd4 Ne7 57. Rdg1 Qa6 58. Nb3 Rh3 59. Nd2 Rd7
60. Nf3 Nf5 61. Rd1 Rxf3+ 62. Kxf3 Nh4+ 63. Kf2 Nxg2 64. h4 Nxh4 65. e4 Rd8 66.
Qh3 g5 67. fxg5 fxg5 68. Qg4 Rf8 69. Kg3 Qc4 70. exd5 Qb3+ 71. Kh2 Nf3+ 72. Kg2
Qxd1 73. Qxe6+ Kg7 0-1

[Event "Tradewise Gibraltar Chess Festival 2013"]
[Site "Gibraltar ENG"]
[Date "2013.01.27"]
[Round "6.58"]
[White "Montero Melendez, Rafael"]
[Black "Seyfried, Claus"]
[Result "1-0"]
[WhiteElo "2316"]
[BlackElo "2177"]
[PlyCount "103"]
[EventDate "2013.01.22"]
[EventType "swiss"]
[EventRounds "10"]
[EventCountry "ENG"]
[Source "lmi"]
[SourceDate "2013.01.22"]

1. c4 e6 2. Nf3 Nf6 3. g3 d5 4. Bg2 dxc4 5. Qa4+ Nbd7 6. Qxc4 a6 7. Qc2 c5 8.
O-O Be7 9. d4 cxd4 10. Nxd4 O-O 11. a3 Qb6 12. Nb3 Nc5 13. Nxc5 Bxc5 14. Nc3
Bd7 15. Na4 Bxa4 16. Qxa4 Rfd8 17. e3 Rd3 18. b4 Be7 19. Bb2 Rad8 20. Bd4 R3xd4
21. exd4 Rxd4 22. Qc2 a5 23. bxa5 Qxa5 24. Qc8+ Rd8 25. Qxb7 Bc5 26. Bf3 g5 27.
Ra2 Kg7 28. a4 Qc3 29. a5 Rd7 30. Qb5 Rd3 31. Bg2 Ng4 32. Qb2 Qxb2 33. Rxb2 Ra3
34. Rb5 Be7 35. h3 Nh6 36. Bb7 Nf5 37. a6 Nd4 38. Rb2 Bf6 39. Kg2 Nf5 40. Rd2
h5 41. Rc1 h4 42. Rcc2 hxg3 43. Ra2 Nh4+ 44. Kf1 Rb3 45. fxg3 Nf5 46. a7 Rxb7
47. a8=Q Rb1+ 48. Kg2 Ne3+ 49. Kf2 Nc4 50. Rd7 Nb6 51. Qb7 Nxd7 52. Qxb1 1-0

[Event "Tradewise Gibraltar Chess Festival 2013"]
[Site "Gibraltar ENG"]
[Date "2013.01.27"]
[Round "6.59"]
[White "Omar, Noaman"]
[Black "Allor, Chukwuka"]
[Result "1-0"]
[WhiteElo "2314"]
[BlackElo "2154"]
[PlyCount "116"]
[EventDate "2013.01.22"]
[EventType "swiss"]
[EventRounds "10"]
[EventCountry "ENG"]
[Source "lmi"]
[SourceDate "2013.01.22"]

1. d4 Nf6 2. c4 g6 3. Nc3 d5 4. Nf3 Bg7 5. e3 O-O 6. Be2 c5 7. dxc5 Qa5 8. O-O
dxc4 9. Qd4 h6 10. Qxc4 Be6 11. Qb5 Qxb5 12. Bxb5 Rc8 13. Nd4 Bd7 14. Be2 Rxc5
15. Bf3 Rc7 16. e4 e5 17. Nb3 Be6 18. Nb5 Rc8 19. Nd6 Rc7 20. Be3 b6 21. Rfc1
Na6 22. Nd2 Bf8 23. Nb5 Rxc1+ 24. Rxc1 g5 25. a3 Bc5 26. b4 Bxe3 27. fxe3 Rd8
28. Rc2 Rd7 29. Kf1 Kg7 30. Ke1 Ne8 31. Be2 Rb7 32. Nc4 Bxc4 33. Bxc4 Nac7 34.
Bd5 Nxd5 35. exd5 a6 36. Rc8 Nf6 37. Nc3 e4 38. d6 Rd7 39. Rc6 a5 40. Rxb6 axb4
41. axb4 Ne8 42. Nxe4 f5 43. Nc5 Rxd6 44. Rxd6 Nxd6 45. Ke2 Kf6 46. Kd3 Ke5 47.
Na4 f4 48. exf4+ gxf4 49. Nc3 Nf5 50. b5 Nh4 51. Kc4 Kd6 52. Ne4+ Kc7 53. Kc5
Nxg2 54. b6+ Kb7 55. Kb5 f3 56. Nc5+ Ka8 57. Kc6 Nf4 58. b7+ Ka7 1-0

[Event "Tradewise Gibraltar Chess Festival 2013"]
[Site "Gibraltar ENG"]
[Date "2013.01.27"]
[Round "6.60"]
[White "Kozarcanin, Sead"]
[Black "Stockmann, Michael"]
[Result "1/2-1/2"]
[WhiteElo "2090"]
[BlackElo "2312"]
[PlyCount "164"]
[EventDate "2013.01.22"]
[EventType "swiss"]
[EventRounds "10"]
[EventCountry "ENG"]
[Source "lmi"]
[SourceDate "2013.01.22"]

1. e4 d5 2. exd5 Qxd5 3. Nf3 Nf6 4. Nc3 Qd6 5. d4 c6 6. Bc4 Bg4 7. Be3 Nbd7 8.
h3 Bxf3 9. Qxf3 e6 10. O-O Nb6 11. Bb3 Be7 12. Rad1 O-O 13. Rfe1 Nbd5 14. Bg5
Nxc3 15. Qxc3 Rad8 16. Qf3 Nd5 17. Bc1 b5 18. c3 Rd7 19. Re2 Rfd8 20. Rde1 c5
21. dxc5 Qxc5 22. Re4 Nf6 23. Re5 Qb6 24. a4 bxa4 25. Bxa4 Rd3 26. Qe2 R3d5 27.
Rxd5 Nxd5 28. Rd1 Bf6 29. Qb5 Qc7 30. c4 Nb6 31. Rxd8+ Qxd8 32. Bc2 g6 33. c5
Nd5 34. c6 Bd4 35. Be4 Nf6 36. Bf3 Qb6 37. Qxb6 Bxb6 38. Be3 Ne8 39. Kf1 Kf8
40. Ke2 Ke7 41. Kd3 Kd6 42. Bd1 Bxe3 43. fxe3 Kc5 44. e4 Nc7 45. Ba4 a6 46. g4
g5 47. Kc3 a5 48. Kd3 Kb4 49. b3 Kc5 50. Kc3 Na8 51. Kd3 Nc7 52. Kc3 f6 53. Kd3
e5 54. Kc3 Ne8 55. Kd3 Kb4 56. Kc2 Nc7 57. Kd3 Na6 58. Kd2 Kc5 59. Kc3 h6 60.
Kd3 Nb4+ 61. Kc3 Nxc6 62. Bxc6 Kxc6 63. b4 a4 64. Kb2 Kb6 65. Ka2 Kc6 66. Kb2
Kd6 67. Ka3 f5 68. gxf5 h5 69. b5 g4 70. hxg4 hxg4 71. f6 g3 72. b6 g2 73. b7
g1=Q 74. b8=Q+ Ke6 75. Qc8+ Kxf6 76. Qf5+ Ke7 77. Qxe5+ Kd7 78. Qd5+ Ke7 79.
Kxa4 Qa1+ 80. Kb5 Qb2+ 81. Kc4 Qa2+ 82. Kd4 Qd2+ 1/2-1/2

[Event "Tradewise Gibraltar Chess Festival 2013"]
[Site "Gibraltar ENG"]
[Date "2013.01.27"]
[Round "6.62"]
[White "Grigoryan, Meri"]
[Black "Arvola, Benjamin"]
[Result "0-1"]
[WhiteElo "2025"]
[BlackElo "2309"]
[PlyCount "80"]
[EventDate "2013.01.22"]
[EventType "swiss"]
[EventRounds "10"]
[EventCountry "ENG"]
[Source "lmi"]
[SourceDate "2013.01.22"]

1. d4 Nf6 2. Bg5 Ne4 3. Bf4 c5 4. f3 Nf6 5. d5 Nh5 6. Bg5 h6 7. Bh4 Qb6 8. Nd2
Qxb2 9. e4 d6 10. Ne2 g5 11. Rb1 Qxa2 12. Nc1 Qa5 13. Bf2 Bg7 14. Ncb3 Qc7 15.
Be2 Nf4 16. O-O O-O 17. Be3 a5 18. h4 a4 19. Nc1 a3 20. Na2 e5 21. hxg5 hxg5
22. Bc4 f5 23. g3 Nh3+ 24. Kg2 f4 25. Bf2 Nxf2 26. Rxf2 fxg3 27. Kxg3 Qf7 28.
Qh1 Nd7 29. Kg2 Nf6 30. Rg1 Bd7 31. Kf1 Ng4 32. Re2 b5 33. Ke1 bxc4 34. fxg4
Rab8 35. Rf1 Qg6 36. Rxf8+ Bxf8 37. Qh3 Qh6 38. Qf3 Be7 39. Nxc4 Qh4+ 40. Qf2
Bb5 0-1

[Event "Tradewise Gibraltar Chess Festival 2013"]
[Site "Gibraltar ENG"]
[Date "2013.01.27"]
[Round "6.63"]
[White "Fairbairn, Stephen"]
[Black "Vyparina, Matej"]
[Result "0-1"]
[WhiteElo "2021"]
[BlackElo "2305"]
[PlyCount "88"]
[EventDate "2013.01.22"]
[EventType "swiss"]
[EventRounds "10"]
[EventCountry "ENG"]
[Source "lmi"]
[SourceDate "2013.01.22"]

1. d4 Nf6 2. Nf3 g6 3. Nc3 c5 4. d5 d6 5. e4 Bg7 6. Be2 O-O 7. O-O e6 8. h3
exd5 9. exd5 Na6 10. Be3 Nc7 11. a4 b6 12. Qd2 Bb7 13. Bc4 Re8 14. Bg5 Qd7 15.
Rfe1 a6 16. Rxe8+ Rxe8 17. Qd3 h6 18. Bf4 Bc8 19. Rd1 Bf8 20. Re1 Rxe1+ 21.
Nxe1 Qe8 22. Nf3 Bf5 23. Qd2 b5 24. axb5 axb5 25. Bd3 Bxd3 26. cxd3 b4 27. Ne4
Nxe4 28. dxe4 Qxe4 29. Bxh6 Qxd5 30. Qf4 Ne6 31. Qh4 Bxh6 32. Qxh6 Qf5 33. Qe3
d5 34. Qe2 c4 35. Qd2 Nf4 36. Qe3 Qe4 37. Qxe4 dxe4 38. Nd2 c3 39. bxc3 bxc3
40. Nb3 Nd3 41. Kf1 c2 42. Ke2 c1=Q 43. Nxc1 Nxc1+ 44. Ke3 Nd3 0-1

[Event "Tradewise Gibraltar Chess Festival 2013"]
[Site "Gibraltar ENG"]
[Date "2013.01.27"]
[Round "6.64"]
[White "De Haan, Eric"]
[Black "Lipecki, Alexander"]
[Result "1-0"]
[WhiteElo "2303"]
[BlackElo "2138"]
[PlyCount "90"]
[EventDate "2013.01.22"]
[EventType "swiss"]
[EventRounds "10"]
[EventCountry "ENG"]
[Source "lmi"]
[SourceDate "2013.01.22"]

1. d4 g6 2. c4 Bg7 3. e4 d6 4. Nc3 e5 5. Nge2 Ne7 6. Be3 Nd7 7. Qd2 O-O 8. f3
Nc6 9. d5 Na5 10. Nc1 b6 11. b4 Nb7 12. a3 Nf6 13. g4 Bd7 14. Be2 a5 15. Nb3
axb4 16. axb4 Rxa1+ 17. Nxa1 c6 18. Nb3 c5 19. b5 Qa8 20. O-O Qa3 21. Ra1 Qxb3
22. Qc1 h5 23. h3 hxg4 24. hxg4 Na5 25. Rb1 Ra8 26. Kf2 Bxg4 27. Rxb3 Nxb3 28.
Qd1 Nd4 29. fxg4 Ra3 30. g5 Nxe2 31. Kxe2 Nd7 32. Qc1 Ra7 33. Qg1 Bf8 34. Kd2
Bg7 35. Kc2 Kf8 36. Kb3 Ke7 37. Qh1 Ra8 38. Qh7 Kf8 39. Na4 Rxa4 40. Kxa4 Nb8
41. Qh3 Ke7 42. Qc8 Nd7 43. Qc7 Bf8 44. Bd2 Ke8 45. Qc8+ Ke7 1-0

[Event "Tradewise Gibraltar Chess Festival 2013"]
[Site "Gibraltar ENG"]
[Date "2013.01.27"]
[Round "6.66"]
[White "Chapman, Terry P D"]
[Black "Cawley, Paul F"]
[Result "1-0"]
[WhiteElo "2292"]
[BlackElo "2113"]
[PlyCount "107"]
[EventDate "2013.01.22"]
[EventType "swiss"]
[EventRounds "10"]
[EventCountry "ENG"]
[Source "lmi"]
[SourceDate "2013.01.22"]

1. Nf3 Nf6 2. c4 e6 3. g3 c5 4. Bg2 Nc6 5. O-O g6 6. b3 Bg7 7. Bb2 O-O 8. Qc1
Qc7 9. d4 cxd4 10. Nxd4 a6 11. Nxc6 dxc6 12. Nd2 c5 13. Nf3 Rd8 14. Be5 Qe7 15.
Rd1 Ne8 16. Rxd8 Qxd8 17. Bxg7 Kxg7 18. Qc2 Qe7 19. Rd1 f6 20. Qd2 Rb8 21. g4
b5 22. cxb5 axb5 23. g5 Bb7 24. Qd7 Kf8 25. Qxb5 Nc7 26. Qd7 Nd5 27. Qxe7+ Kxe7
28. gxf6+ Kxf6 29. Rc1 Nf4 30. Rc2 Rd8 31. h4 Rd1+ 32. Kh2 Ra1 33. e3 Nxg2 34.
Kxg2 h6 35. Kg3 g5 36. hxg5+ hxg5 37. Rxc5 Bxf3 38. Kxf3 Rxa2 39. Rb5 Rb2 40.
b4 Rb1 41. Ke4 Rb2 42. Rb8 Rb1 43. b5 Rb4+ 44. Kf3 Ke7 45. b6 Kd7 46. b7 Rb6
47. Rh8 Kc7 48. b8=Q+ Rxb8 49. Rxb8 Kxb8 50. Kg4 Kc7 51. Kxg5 Kd6 52. Kf6 Kd5
53. f3 e5 54. Kf5 1-0